Impacto del telecentro educativo comunitario El Limón, Distrito Educativo 03-03, San José de Ocoa, Período 2006-2013 (Record no. 3843)

MARC details
000 -LEADER
campo de control de longitud fija 02688nam a2200577Ia 4500
001 - NÚMERO DE CONTROL
campo de control 4093
008 - DATOS DE LONGITUD FIJA--INFORMACIÓN GENERAL
campo de control de longitud fija 241029s9999 xx 000 0 und d
010 ## - NÚMERO DE CONTROL DE LA BIBLIOTECA DEL CONGRESO
Número de control de LC 3843
041 ## - CÓDIGO DE IDIOMA
Código de lengua del texto/banda sonora o título independiente Español
082 ## - NÚMERO DE LA CLASIFICACIÓN DECIMAL DEWEY
Número de clasificación NO APLICA
245 #0 - MENCIÓN DEL TÍTULO
Título Impacto del telecentro educativo comunitario El Limón, Distrito Educativo 03-03, San José de Ocoa, Período 2006-2013
260 ## - PUBLICACIÓN, DISTRIBUCIÓN, ETC.
Lugar de publicación, distribución, etc. Santo Domingo
300 ## - DESCRIPCIÓN FÍSICA
Extensión 89
520 ## - RESUMEN, ETC.
Sumario, etc. 49
520 ## - RESUMEN, ETC.
Sumario, etc. El trabajo se realizó sobre el impacto del Telecentro Educativo Comunitario El Limón, Distrito Educativo 03-03, provincia San José de Ocoa, periodo 2006-2013.  Se tomó en cuenta los objetivos y su nivel de cumplimiento, arrojado como resultado del impacto causado por el uso de las Tecnologías de la Información y  la Comunicación, tomándose como muestra el 100% de la población estudiantil, el 100% de los docentes, el coordinador general y el  total de los asesores.Entre las principales conclusiones se destacó, que uno de los grandes beneficios alcanzados por la comunidad fue: dar a conocer a nivel nacional e internacional y se rompió el aislamiento que existía en la misma y que hoy los coloca en una de las localidades más actualizadas en cuanto al uso de las Tecnologías de la Información y la Comunicación (Tics).El estudio recomendó, que se haga el nombramiento de técnicos o licenciados en Informática, los cuales puedan encargarse de darle continuidad y sostenibilidad al Telecentro, ya que los que hay son voluntarios.   
630 ## - PUNTO DE ACCESO ADICIONAL DE MATERIA--TÍTULO UNIFORME
Título uniforme Comunidad Educativa
630 ## - PUNTO DE ACCESO ADICIONAL DE MATERIA--TÍTULO UNIFORME
Título uniforme Educación
630 ## - PUNTO DE ACCESO ADICIONAL DE MATERIA--TÍTULO UNIFORME
Título uniforme Impacto Social
630 ## - PUNTO DE ACCESO ADICIONAL DE MATERIA--TÍTULO UNIFORME
Título uniforme Tecnología Educativa
630 ## - PUNTO DE ACCESO ADICIONAL DE MATERIA--TÍTULO UNIFORME
Título uniforme Trabajo en Equipo
650 ## - PUNTO DE ACCESO ADICIONAL DE MATERIA--TÉRMINO DE MATERIA
Término de materia o nombre geográfico como elemento de entrada Tecnología Educativa
690 ## - PUNTO DE ACCESO ADICIONAL DE MATERIA LOCAL--TÉRMINO DE MATERIA (OCLC, RLIN)
Término de materia o nombre geográfico como elemento inicial Elaborado
700 ## - ENTRADA AGREGADA--NOMBRE PERSONAL
Término indicativo de función/relación asesor
Nombre de persona Viloria Santos , Juan Francisco
700 ## - ENTRADA AGREGADA--NOMBRE PERSONAL
Término indicativo de función/relación autor
Nombre de persona Castillo Rodríguez , Fernando Antonio
700 ## - ENTRADA AGREGADA--NOMBRE PERSONAL
Término indicativo de función/relación autor
Nombre de persona Alcántara Peguero , Sonia Esmeralda
901 ## - ELEMENTOS DE DATOS A LOCAL LDA (RLIN)
a {"1":"Castillo Rodríguez ","2":"Alcántara Peguero "}
b {"1":" Fernando Antonio","2":" Sonia Esmeralda"}
902 ## - ELEMENTOS DE DATOS B LOCAL, LDB (RLIN)
a 1
903 ## - ELEMENTOS DE DATOS C LOCAL, LDC (RLIN)
a {"1":"Viloria Santos "}
b {"1":" Juan Francisco"}
904 ## - ELEMENTOS DE DATOS D LOCAL, LDD (RLIN)
a Maestría en
905 ## - ELEMENTOS DE DATOS E LOCAL, LDE (RLIN)
a Tecnología Educativa
906 ## - ELEMENTOS DE DATOS F LOCAL, LDF (RLIN)
a 2
907 ## - ELEMENTOS DE DATOS G LOCAL, LDG (RLIN)
a NO APLICA
908 ## - COLOCAR PARÁMETRO DE COMANDO (RLIN)
Colocar parámetro de comando NO APLICA
909 ## -
-- Universidad Autónoma de Santo Domingo (UASD)
910 ## - DATOS DE OPCIÓN DEL USUARIO (OCLC)
Datos de opción del usuario NULL
-- NULL
911 ## - EQUIVALENCIA O REFERENCIA-CRUZADA-NOMBRE DE CONFERENCIA O REUNIÓN/CONGRESO [LOCAL, CANADÁ]
Nombre de congreso/reunión o jurisdicción como elemento de entrada ["1"]
912 ## -
-- NO APLICA
913 ## -
-- NULL
914 ## -
-- 01 de Enero de 2013
915 ## -
-- 19/07/15 01:07
916 ## -
-- NULL
917 ## -
-- NULL
918 ## -
-- NO APLICA
919 ## -
-- ["45","72","304","191","193"]
921 ## -
-- 12
922 ## -
-- 12
923 ## -
-- 0
924 ## -
-- NO APLICA
942 ## - ELEMENTOS DE ENTRADA SECUNDARIOS (KOHA)
Tipo de ítem Koha

No items available.

© 2024. Todos los Derechos Reservados. Desarrollado por IDEICE